000 00999cam a2200277 a 4500
001 000007770
005 20200929154307.0
008 901023s1990 cu a bk 001 0 spa
040 _aDO-SdBNP
_cDLC
_dDLC
082 _a780.981
_bG526h
100 1 _aGiro, Radamés,
_d1940-
_921462
245 1 0 _aHeitor Villa-Lobos :
_buna sensibilidad americana /
_cRadamés Giro ; edición, Isabel González, prólogo, Leo Brouwer.
260 _aLa Habana (Cuba) :
_bUnión de Escritores y Artistas de Cuba,
_c1990.
300 _a116 p. :
_bil. ;
_c20 cm.
490 1 _aContemporáneos
504 _aReferencias bibliográfica p. 113-116.
650 4 _aMúsica brasileña
_921463
650 4 _aMúsicos brasileños
_921464
650 4 _aCompositores brasileños
_921465
600 1 4 _aVILLA-LOBOS, HEITOR
_d1887-1959
_921466
700 1 _aBrouwer, Leo,
_epról.
_921467
700 1 _aGonzález, Isabel,
_eed.
_921468
830 0 _aContemporáneos
_96941
910 _aCatalogación por copia / LC
049 _aBNGR
999 _c7548
_d7548